Clic Les jours dans les titres de film - Statistiques

Statistiques générales
  • Ce quiz a été pris 42 fois
  • Le résultat moyen est 9 sur 37
Statistiques - réponses
Hint Réponse % Correct
(...) 13 05 vendredi(s)
90%
La fièvre du (...) soir 06 samedi(s)
88%
Un (...) à la campagne 07 dimanche(s)
59%
Les papas du (...) 07 dimanche(s)
54%
Un long (...) de fiançailles 07 dimanche(s)
51%
Les (...) au soleil 01 lundi(s)
46%
(...) matin 01 lundi(s)
39%
(...) noir 04 jeudi(s)
34%
Les copains du (...) 07 dimanche(s)
27%
Un (...) en enfer 07 dimanche(s)
24%
Jamais le (...) 07 dimanche(s)
24%
Les hommes, le (...) 07 dimanche(s)
24%
(...) 13 heures 05 vendredi(s)
22%
L'enfer du (...) 07 dimanche(s)
22%
(...) folle journée 03 mercredi(s)
20%
Papa vient (...) 07 dimanche(s)
20%
Un drôle de (...) 07 dimanche(s)
20%
Les dieux du (...) 07 dimanche(s)
17%
Les assassins du (...) 07 dimanche(s)
17%
Un merveilleux (...) 07 dimanche(s)
17%
La dame du (...) 05 vendredi(s)
15%
Le tueur du (...) 05 vendredi(s)
15%
Les parents du (...) 07 dimanche(s)
15%
Mort un (...) de pluie 07 dimanche(s)
15%
(...) après-midi 03 mercredi(s)
12%
Pas question le (...) 06 samedi(s)
12%
7H58 ce (...)-là 06 samedi(s)
12%
Oh quel (...) 03 mercredi(s)
10%
Les rendez-vous du (...) 06 samedi(s)
10%
La femme du (...) 07 dimanche(s)
10%
Les (...) de permission 07 dimanche(s)
10%
Les (...) de Ville d'Avray 07 dimanche(s)
10%
Sombre (...) 07 dimanche(s)
10%
Dieu merci, c'est (...) 05 vendredi(s)
7%
(...) après Noël 02 mardi(s)
2%
Un (...) dingue, dingue, dingue 05 vendredi(s)
2%
Dieu ne paie pas le (...) 06 samedi(s)
0%
Aucun quiz correspondant
Distribution des résultats
% des personnes avec chaque résultat
Percentile par nombre de réponses
Votre historique - résultats
Vous n’avez pas pris ce quiz